000
00284nam a22001337a 4500
008
170727b xxu||||| |||| 00| 0 eng d
020
_a
9780735613010
041
_a
eng
080
_a
004
100
_a
31
101
_a
SHK
245
_a
STEP BY STEP
_c
CHATFIELD,C
942
_2
udc
_c
BK
999
_c
22057
_d
22057